<?xml version="1.0" encoding="UTF-8"?>
<marc:record xmlns:marc="http://www.loc.gov/MARC21/slim">
   <marc:leader>00000nam a2200000 a 4500</marc:leader>
   <marc:datafield ind1="1" ind2=" " tag="100">
      <marc:subfield code="a">Schawerda, Elisabeth</marc:subfield>
      <marc:subfield code="4">aut</marc:subfield>
      <marc:subfield code="e">Verfasser/-in</marc:subfield>
   </marc:datafield>
   <marc:datafield ind1=" " ind2=" " tag="653">
      <marc:subfield code="a">Antolin</marc:subfield>
   </marc:datafield>
   <marc:datafield ind1=" " ind2=" " tag="653">
      <marc:subfield code="a">Klasse-1</marc:subfield>
   </marc:datafield>
   <marc:datafield ind1="0" ind2="0" tag="245">
      <marc:subfield code="a">Das Geheimnis ist blau</marc:subfield>
   </marc:datafield>
   <marc:datafield ind1=" " ind2="1" tag="264">
      <marc:subfield code="b">Wiener Dom-Verlag</marc:subfield>
      <marc:subfield code="c">2011</marc:subfield>
   </marc:datafield>
   <marc:datafield ind1="1" ind2=" " tag="520">
      <marc:subfield code="a">Das Geheimnis ist blau, und rot ist der Zauberer. Grün riecht hingegen die Luft im Garten. Und in der Nacht ist nicht nur die Katze schwarz ... Abenteuerlich ist die Welt der Farben und viel gibt es zu entdecken, zu schmunzeln und zu staunen: Denn warum sind die Orangen orange, aber die Birnen nicht birn? Ein neuer Ton in der österreichischen Kinderlyrik! Elisabeth Schawerda nimmt ihre Leser in die Welten der verschiedenen Farben mit: mit zarten Rhythmen, sprachspielerischen Elementen und überraschenden Assoziationen. Eingängige Sprachmelodien erleichtern dabei das Zuhören und Selberlesen. Die Bilder von Helga Bansch spinnen die lyrischen Gedankenspiele weiter und öffnen Farbenräume, in denen es die unglaublichsten Dinge zu entdecken gilt. Ein wahres Farbenfest zum Schauen und Entdecken. (Verlagstext)</marc:subfield>
   </marc:datafield>
   <marc:datafield ind1=" " ind2=" " tag="020">
      <marc:subfield code="a">9783853512289</marc:subfield>
      <marc:subfield code="9">9783853512289</marc:subfield>
   </marc:datafield>
</marc:record>
